000 01862nam0a22003491 4500
001 rc\2219669
005 20260407150828.0
021 _aRU
_b79-34435ж
_bП 4403-80
035 _a(NLR Aleph) 006642622
090 _a4710068
_c4710068
100 _a20110829d1979 |||y0rusy50 ca
101 0 _arus
102 _aRU
105 _ay r |||||
200 1 _aЭффективность применения искусственных кож в производстве кожгалантерейных изделий
_f[сост.: канд. техн. наук Г.Д. Русаева, д-р техн. наук П.С. Пушкин и канд. техн. наук Л.Ф. Голутвина]
210 _aМосква
_cЦНИИТЭИлегпром
_d1979
215 _a38 с.
_d21
225 1 _aКожгалантерейная промышленность
_eобзор
_fМ-во лег. пром-сти СССР. ЦНИИ информ. и техн.-экон. исслед. лег. пром-сти
_vвып. 1
320 _aБиблиогр.: с. 38
606 1 _aКожаные галантерейные изделия
_xПроизводство
_xМатериалы
_92186169
_3RU\NLR\AUTH\661314395
686 0 _aМ564-3
_2rubbk
700 1 _aРусаева
_bГ. Д.
_gГалина Дмитриевна
701 1 _aГолутвинова
_bЛ. Ф.
_gЛюбовь Федоровна
701 1 _aПушкин
_bП. С.
_gПавел Семенович
712 0 2 _4650
_aЦентральный институт научно-технической информации легкой промышленности
_cМосква
_3RU\NLR\AUTH\8810025847
_9549925
801 0 _aRU
_bNLR
_gpsbo
801 1 _aRU
_bELAR
_2rusmarc
801 2 _aRU
_bNLR
_c20190115
_2rusmarc
852 _aNLR
_jП22/4400 (1979, вып. 1)
899 _aRuMoRGB
_jXXV 70/36
942 _cBOOK
980 _aNB